La enseñanza individualizada... /

Guardado en:
Autor Principal: Dottrens, Robert
Formato: Libro
Publicado: Buenos Aires : Kapelusz, 1965
Edición:3a. ed.
Materias:
Etiquetas: Agregar Etiqueta
Sin Etiquetas, Sea el primero en etiquetar este registro!
LEADER 00519nam a22001815a 4500
001 CEM.cems002123
005 20060215000000.0
008 130507s1965##################000#0#####d
003 CEMS
082 0 4 |a 371.38 
100 1 |a Dottrens, Robert 
245 1 0 |a La enseñanza individualizada... / 
250 |a 3a. ed. 
260 |a Buenos Aires :  |b Kapelusz,  |c 1965 
300 |a 168 p. 
505 0 |a Nuestra técnica.-Ejemplos.- 
653 |a Enseñanza individualizada 
859 |a CEMS  |b BIB. CEMS - 11 de abril  |h 371.38  |i D742a3  |p 4223.75  |t Ej.1